LEADER 01230nam a2200265 a 4500 001 000000111605 003 CaOOAMICUS 005 20080512120651.0 008 080512s2003 it m 000 0 ita d 040 $aPUL$bita 100 1 $aPorczak, Karol,$cm.s.$0(OLS)http://pul/name/68600 245 12$aL'apporto dell'enciclica "Fulgens corona" di Pio XII per l'approfondimento teologico della dottrina sulla concezione immacolata di Maria /$cKarol Porczak. 260 $aRoma :$b[s.n.],$c2003. 300 $a253 p. ;$c24 cm. 502 $aDiss.: Pontificia facultas theologica "Marianum", n. 88, Roma, 2003. 504 $aBibliografia: pp. [219]-247. 650 4$aEncicliche.$0(OLS)http://pul/subject/969 650 4$aMariologia.$0(OLS)http://pul/subject/28018 850 $aPUL 852 $aPUL$W1$xDP1 Tesi Pon. Fac. Marianum$y38$m2003 B 1$j127553$qTesi$B126644$CPULBib$Z2$F126644 $82 941 1 $a16 960 $aMaria Virgo,$cs.$928018 960 $aMaria Virgo,$cs.$928018 996 $6245$aL'apporto dell'enciclica "Fulgens corona" di Pio XII per l'approfondimento teologico della dottrina sulla concezione immacolata di Maria$9(OLS)http://pul/title/140386 996 $6260$aRoma :$b[s.n.]$9(OLS)http://pul/publisher/47958 LEADER 01530nam a2200373 a 4500 001 000000134895 003 CaOOAMICUS 005 20130712114548.0 008 130712s2011 it a u000 u ita r 020 $a978-88-11-74117-6 040 $aPUL$bita 041 1 $aita$heng 082 04$a156 100 1 $aWaal, Frans de,$d1948-2024.$0(OLS)http://pul/name/86907 240 10$aAge of empathy.$lItaliano.$0(OLS)http://pul/title/170609 245 12$aL'etą dell'empatia :$blezioni dalla natura per una societą pił solidale /$cFrans de Waal. 260 $aMilano :$bGarzanti,$c©2011. 300 $a362 p. :$bill. ;$c21 cm 490 1 $aSaggi 500 $aInclude indice. 500 $aSul front.: con 27 disegni dell'autore. 504 $aBibliografia p. 333-356. 650 4$aEmpatia.$0(OLS)http://pul/subject/39384 650 4$aEmozioni$xPsicologia.$0(OLS)http://pul/subject/22116 650 4$aEtologia.$0(OLS)http://pul/subject/23123 830 0$aSaggi (Garzanti).$0(OLS)http://pul/title/137121 850 $aPUL 852 $aPUL$W1$xSL Filosofia 3$y81$m156 WAAFR 1$j155253$qDDC 21$q $B154791$CPULBib$Z2$F154791 $H122728 $81 941 1 $a9 996 $6020$a978-88-11-74117-6$9(OLS)http://pul/number/153262 996 $6082$a156$9(OLS)http://pul/classification/2539 996 $6245$aL'etą dell'empatia :$blezioni dalla natura per una societą pił solidale$9(OLS)http://pul/title/170608 996 $6260$aMilano :$bGarzanti$9(OLS)http://pul/publisher/49146